000 01753cam a22002054a 4500
005 20250605163951.0
008 250528s ||||||||||||||||||||||||d
035 _a15385
020 _a415194903
040 _aGR-AtMCL
_bgre
_dGR-AtMCL
_eAACR2
245 1 _aInternational HRM / Contemporary Issues in Europe
260 _bRouledge,
_c1999
300 _a308
520 _aThis book provides an important contribution to our understanding of the human resource management phenomenon, encompassing groundbreaking research, both empirical and conceptual, on international policy and practice in this rapidly developing area. List of Tables and Figures, International Human Resource Management: The European Contribution, Relation Between International Business Strategy and SIHRM, The Added Value of the HR Department, International HRM in Medium-Sized MNEs: Evidence from Ireland, Balancing differentiation with integration, MNE Staffing Policies for the Managing Director Position in Foreign Subsidiaries: The Results of an Innovative Research Method, Localization as an Ethical Response to Internationalization, International Rewards System: To Converge or not to Converge?, Global or Multi-Global: The Significance of International Values in Reward Strategy, Performance Appraisal of Host Country Employees: Western MNEs in China, Contemporary Issues in Expatriation, Strategic Staffing in Multinational Companies: A Resource-Based Approach, International Assignments Across European Borders: No Problems?, Irish Expatriates in Moscow: Exploratory Evidence on Aspects of Adjustment, New research perspectives on IHRM.
700 1 _aBrewster Chris
_91292
700 1 _aHarris Hilary
_91293
942 _cBK
999 _c970
_d970